BIBLIOTHÈQUE DE LA MAISON DU MEXIQUE

Logo 1 Logo 2

La lágrima del Buda (notice nᵒ 5650)

détails MARC
000 -Sello discográfico
campo de control de longitud fija 00928nam0a2200289 4500
005 - Identificación de versión
campo de control 20251016084506.0
010 ## - Número Estándar Internacional de Libros (ISBN)
Número (ISBN) 970-35-1383-2
010 ## - Número Estándar Internacional de Libros (ISBN)
Número (ISBN) 978-970-35-1383-3
035 ## - Otros números de control del sistema
Número de control del sistema 32693
099 ## - fechas locales
Tipo de ítem Koha LIBRO
100 ## - Datos de procesamiento general
Datos de procesamiento general 20111226d2008 m y0spay5003 ba
105 ## - Campo de datos codificados: Material textual, monográfico
Datos codificados de monografía y 001ay
200 1# - Título y mención de responsabilidad
Título propio La lágrima del Buda
Designación general del material texto impreso
Primer mención de responsabilidad Antonio Malpica
205 ## - Declaración de edición
Declaración de edición 1a ed
210 ## - Publicación, distribución, etc.
Lugar de publicación, distribución, etc. México
Nombre del editor, distribuidor, etc. Consejo Nacional para la Cultura y las Artes : Instituto Queretano de la Cultura y las Artes
Fecha de publicación, distribución, etc. 2008
215 ## - Descripción física
Designación de material específico y extensión del ítem 3185p
Dimensiones 21 cm
300 ## - Notas generales
Texto de la nota Premio Nacional de Novela Una Vuelta de Tuerca
345 ## - Nota de información de adquisición
Fuente de adquisición/dirección de la suscripción [OBSOLETO] Donación 'Salon du Livre 2009'
410 #1 - Series
Título El guardagujas
Nombre de parte o sección Novela
700 ## - Nombre personal - Responsabilidad primaria
Elemento de entrada Malpica Maury
Parte del nombre distinta del elemento de entrada Antonio
Fechas 1967-
Número Koha 10845
801 #0 - Fuente de origen
País FR
Agencia cm
Reglas de catalogación (convenciones descriptivas) AFNOR
900 ## -
-- 1/21114
942 ## - ELEMENTOS DE ENTRADA SECUNDARIOS (KOHA)
Tipo de ítem Koha Livre
996 ## -
-- MEX
-- 751145101
-- MMAG
-- 001073
-- 863.4 M259L
-- 20111226LIV
Exemplaires
Estatus retirado Estado de daño Estado de pérdida Fecha de adquisición Biblioteca de origen Biblioteca actual Ubicación en estantería Código de barras Precio de reemplazo Signatura topográfica completa No para préstamo Tipo de ítem Koha Nota pública Nota no pública
      05/08/2025 Casa México Paris Casa México Paris   001073 05/08/2025 863.4 M259L   Livre 20111226LIV 751145101